000 02302cam a22005174i 4500
003 PE-LiUPU
005 20250731173155.0
008 150623s2004 sp rb 000 0 spa d
020 _a8429315284
035 _a(Sirsi) i9788429315288
040 _aPE-LiUPU
_bspa
_cPE-LiUPU
_erda
049 _aPRUA
082 0 4 _a221.95
_bM28
_221
100 1 _aMatthews, Victor Harold,
_eautor.
245 1 0 _aParalelos del Antiguo Testamento :
_bleyes y relatos del Antiguo Oriente Bíblico /
_cVictor Harold Matthews [y uno más].
264 1 _aBilbao :
_bSal Terrae,
_c2004.
300 _a385 páginas ;
_c24 centímetros.
336 _atext
_2rdacontent
337 _aunmediated
_2rdamedia
338 _avolume
_2rdacarrier
490 0 _aColección "Panorama" ;
_v5
504 _aIncluye bibliografía.
505 0 _aGénesis -- Éxodo -- Levítico, Números, Deuteronomio -- Josué, Jueces -- Rut -- Samuel, Reyes -- Crónicas, Esdras, Nehemías -- Job, Eclesiastés -- Salmos, Lamentaciones -- Proverbios, Sirácida, Sabiduría -- Cantar de los Cantares -- Isaías, Jeremías, Ezequiel, Daniel, Oseas, Amós.
526 _aSEG42
526 _aSEG41
526 _aSEG40
526 _aSEG39
526 _aP94
526 _aP87
526 _aP86
526 _aP85
526 _aP77
526 _aP76
526 _aP35
541 _g0003081;
630 _aBiblia.
_pA.T.
_xComentarios.
700 1 _aBenjamín, Don C.,
_eautor.
942 _2ddc
_cBOOK
949 _a221.95 M28
_wDEWEY
_c1
_i59244
_d2016-11-10
_e2016-11-10
_lCCODEBUL1
_mBUL
_n3
_r0
_sY
_tBOOK
_u2015-6-24
_xTEOLOGIA
_PP35
_0COMPRA
_o.STAFF. Colección General
949 _a221.95 M28
_wDEWEY
_c2
_i55060
_d2016-11-16
_e2016-11-16
_lCCODEBUL1
_mBUL
_n3
_r0
_sY
_tBOOK
_u2015-6-24
_xTEOLOGIA
_zUNKNOWN
_0COMPRA
_o.STAFF. Colección General
994 _aC0
_bPEPRU
596 _a1
999 _a221.95 M28
_wDEWEY
_c35631
_i59244
_d35631
_e2019-9-22
_f2021-11-9
_g5
_lCCODEBUL1
_mBUL
_n15
_p32.00
_q13
_r0
_sY
_tBOOK
_u2015-6-24
_xTEOLOGIA
_PP35
_0COMPRA
_o.STAFF. Colección Teología
999 _a221.95 M28
_wDEWEY
_c2
_i55060
_d2019-7-9
_e2019-5-20
_f2021-11-9
_g5
_lCCODEBUL1
_mBUL
_n13
_p32.00
_q10
_r0
_sY
_tBOOK
_u2015-6-24
_xTEOLOGIA
_PP35
_0COMPRA
_o.STAFF. Colección Teología
980 _81
_gALBERTO SANCHEZ Responsable de Automatización